Insurance Management Principles & Practices (Record no. 8517)
[ view plain ]
| 000 -LEADER | |
|---|---|
| fixed length control field | 00276nam a22000977a 4500 |
| 020 ## - INTERNATIONAL STANDARD BOOK NUMBER | |
| ISBN | 9788176299480 |
| 100 ## - MAIN ENTRY--AUTHOR NAME | |
| Personal name | PAL, Karam |
| 245 ## - TITLE STATEMENT | |
| Title | Insurance Management Principles & Practices |
| 260 ## - PUBLICATION, DISTRIBUTION, ETC. (IMPRINT) | |
| Place of publication | New Delhi |
| Name of publisher | Deep & Deep Publications (P) Ltd |
| Year of publication | 2007 |
| 700 ## - ADDED ENTRY--PERSONAL NAME | |
| Personal name | BODLA , BS, GARG, MC |
| Collection code | Home library | Current library | Date acquired | Currency | Cost, normal purchase price | Bill Number | Full call number | Accession Number | Koha item type |
|---|---|---|---|---|---|---|---|---|---|
| MBA | PIET C-LIBRARY | PIET C-LIBRARY | 06/03/2020 | IN Rupees | 680.00 | IN 6411 | 368.32 PAI | 31716 | Text Books |
| MBA | PIET C-LIBRARY | PIET C-LIBRARY | 06/03/2020 | IN Rupees | 680.00 | IN 6411 | 368.32 PAI | 31717 | Text Books |